00437nam a22001577a 450000500170000001000170001702000260003403500170006003700180007708200080009510000140010324500510011726000410016827000460020930000240025520180327144447.0 aB-690941-945 a9789352664481c500.00 aB-690941-945 bPansy Books  a921 aRishi Raj aPatriotic pilgrimage of India / cby Rishi Raj aNew Delhi bPrabhat Prakashan c2018 a4/19, Asaf Ali Road, bNew Delhi e110002 axi,184p. c23cm(Hb)